| 000 | 01255cam a22003015a 4500 | ||
|---|---|---|---|
| 001 | L158683 | ||
| 008 | 150617s2015 xxk f 000 0 eng d | ||
| 020 | _a9781908407566 | ||
| 035 | _a(Sirsi) u158683 | ||
| 041 | 0 | _aeng | |
| 050 | 0 | 4 | _a306.026 |
| 100 | 1 | _aAstin, Diane | |
| 245 | 0 | 0 | _aHousing law handbook |
| 250 | _a3rd ed | ||
| 260 |
_aLondon _bLAG _c2015 |
||
| 300 | _alxix, 966p ; 21 cm | ||
| 520 | _aProvides a general overview of and introduction to UK housing law. Covers occupiers' rights including security of tenure, different categories of residential tenancies including assured and shorthold tenancies created by the Housing Act 1988 and protected and statutory tenancies created by Rent Act 1977, leaseholders' rights including service charges and enfranchisement, disrepair and housing conditions, possession proceedings and unlawful eviction and harassment as well as housing improvements and adaptations. | ||
| 590 | _aKA | ||
| 650 | 2 | 4 | _aHOUSING ACT 1988 |
| 650 | 2 | 4 | _aRENT ACT 1977 |
| 650 | 2 | 4 | _aSECURITY OF TENURE |
| 650 | 2 | 4 | _aSERVICE CHARGES |
| 650 | 2 | 4 | _aLEASEHOLD ENFRANCHISEMENT |
| 651 | 4 |
_aUnited Kingdom _y |
|
| 690 |
_aResidential property _96266 |
||
| 690 |
_aLandlord and tenant _96252 |
||
| 942 | _n0 | ||
| 999 |
_c115452 _d115452 |
||